Organización de la lucha contra la contaminación del medio ambiente en España y en el extranjero / (Record no. 143691)

MARC details
000 -LEADER
campo de control de longitud fija 01234cam a22003131i 4500
001 - NÚMERO DE CONTROL
campo de control 143691
003 - IDENTIFICADOR DE NÚMERO DE CONTROL
campo de control SpMaBN
005 - FECHA Y HORA DE LA ÚLTIMA TRANSACCIÓN
campo de control 20251114151449.0
008 - DATOS DE LONGITUD FIJA--INFORMACIÓN GENERAL
campo de control de longitud fija 981210s1977 sp spa
016 7# - NÚMERO DE CONTROL DE UNA AGENCIA BIBLIOGRÁFICA NACIONAL
Número de control del registro bimoBNE20000198356
Número de control cancelado/no válido IND9800832747
Fuente SpMaBN
017 ## - NÚMERO DE COPYRIGHT O DE DEPÓSITO LEGAL
Número de copyright o de depósito legal SA 145-1977
Agencia que asigna Oficina Depósito Legal Cantabria
020 ## - NÚMERO INTERNACIONAL ESTÁNDAR DEL LIBRO
Número Internacional Estándar del Libro 8440041268
035 ## - NÚMERO DE CONTROL DEL SISTEMA
Número de control de sistema (OCoLC)432724189
040 ## - FUENTE DE CATALOGACIÓN
Centro catalogador/agencia de origen SpMaBN
Lengua de catalogación spa
Centro/agencia transcriptor CDM
Centro/agencia modificador ES-MaACL
080 ## - NÚMERO DE LA CLASIFICACIÓN DECIMAL UNIVERSAL
Número de la Clasificación Decimal Universal 351.777(100)
080 ## - NÚMERO DE LA CLASIFICACIÓN DECIMAL UNIVERSAL
Número de la Clasificación Decimal Universal 502.34(100)
100 0# - ENTRADA PRINCIPAL--NOMBRE DE PERSONA
Nombre de persona Setién Roldán, Juan Francisco
Número de control del registro de autoridad o número normalizado XX1438090
9 (RLIN) 105898
245 10 - MENCIÓN DEL TÍTULO
Título Organización de la lucha contra la contaminación del medio ambiente en España y en el extranjero /
Mención de responsabilidad, etc. [por] Juan Fco. Setién Roldán, Manuel Garrido Martínez
260 ## - PUBLICACIÓN, DISTRIBUCIÓN, ETC.
Lugar de publicación, distribución, etc. Santander :
Nombre del editor, distribuidor, etc. Colegio Oficial y Agrupación Regional de Ingenieros Industriales de Santander, Burgos y Palencia,
Fecha de publicación, distribución, etc. [s.a.]
Fecha de fabricación/manufactura 1977
300 ## - DESCRIPCIÓN FÍSICA
Extensión 298 p., 2 h. ;
Dimensiones 24 cm
504 ## - NOTA DE BIBLIOGRAFÍA, ETC.
Nota de bibliografía, etc. Bibliografía: p. 297-298
650 #4 - PUNTO DE ACCESO ADICIONAL DE MATERIA--TÉRMINO DE MATERIA
Término de materia o nombre geográfico como elemento de entrada Política ambiental
Fuente del encabezamiento o término embne
9 (RLIN) 16286
650 #4 - PUNTO DE ACCESO ADICIONAL DE MATERIA--TÉRMINO DE MATERIA
Término de materia o nombre geográfico como elemento de entrada Contaminación
9 (RLIN) 11316
700 #1 - ENTRADA AGREGADA--NOMBRE PERSONAL
Nombre de persona Garrido Martínez, Manuel,
Fechas asociadas al nombre 1943-
9 (RLIN) 227268
852 ## - LOCALIZACIÓN
Ubicación ES-MaACL
Sublocalización o colección R.97163
Ubicación en estantería Sala Pecera Planta 1
Número de control de estantería A-8198
itemnumber 148879
942 ## - ELEMENTOS DE ENTRADA SECUNDARIOS (KOHA)
Fuente del sistema de clasificación o colocación Clasificación decimal universal
Tipo de ítem Koha Libro impreso
Holdings
Estatus retirado Estado de pérdida Fuente del sistema de clasificación o colocación Estado de daño No para préstamo Biblioteca de origen Biblioteca actual Ubicación en estantería Fecha de adquisición Total de préstamos Signatura topográfica completa Código de barras Visto por última vez Precio de reemplazo Tipo de ítem Koha
    Clasificación decimal universal     Biblioteca del Ateneo de Madrid Biblioteca del Ateneo de Madrid Sala Pecera Planta 1 17/01/2008   A-8198 1149497 23/02/2023 23/02/2023 Libro impreso